00478nam a22001697a 450000500170000000800410001702000150005804000210007304100080009408200180010210000360012024500520015625000130020826000320022130000100025365000450026320260515115056.0250304b |||||||| |||| 00| 0 eng d a8173393885 aIN-DiNCcIN-DiNC dasm a891.4513bPUJ aPujari, Anuradha Sharmaeauthor aSahebpurar barashun/cby Anuradha Sharma Pujari a20th ed. aGuwahati:bBanalata,c2024. a160p. aAssamese novel of Anuradha Sharma Pujari